000 00394nam a2200169Ia 4500
001 4957
003 IN-NITTTR
005 20251114233004.0
008 251113s9999||||xx |||||||||||||| ||eng||
040 _beng
040 _cIN-NITTTR
041 _aeng
082 _a519 K255S
100 _aKeeping, E. S.
245 0 _aIntroduction to statistical inference /
_cKeeping, E. S.
942 _2ddc
_cBK
999 _c7593
_d7593